00650cam a22002051 450000100060000000300080000600500170001400800390003103500190007003500190008904000390010804100080014708200240015510000440017924500830022326000370030630000270034350400310037065000430040110006BD-RjUL20211208234858.0140122s1967 pk b 000 0 eng a(BD-RjUL)10053 a(OCoLC)1020813 aDLCcOTUdOCoLCdDLCdBD-RjULbeng aeng a342.54909bCHD 19671 aChoudhury, G. W.q(Golam Wahed),d1926-10aDocuments and speeches on the constitution of Pakistan /c[by] G.W. Choudhury. aDacca :bGreen Book House,c1967 axvii, 999 p. ;c25 cm. aBibliographical footnotes. 0aConstitutional lawzPakistanxSources.